000 01391nam2a2200253 4500
001 RU\NLR\BIBL_A\022365223
005 20260202144817.0
010 _a978-5-6052393-0-7
_9700
021 _aRU
_bКН-П-24-055036
_9КН-П-24-5481
035 _a(NLR Aleph) 022365223
090 _a13262300
_c13262300
100 _a20241025d2023 u y0rusy50 ca
101 0 _arus
102 _aRU
105 _aabchz 000yy
200 0 _a[2023]
_f[руководитель проекта: Галина Ажеева
_gтексты: Галина Ажеева и др.]
210 _d2023
215 _a116, [3] с.
_cцв. ил., карты, портр., факс.
327 1 _aНа обл. содерж.: История региона; Люди Приангарья; Бизнес и технологии; Байкал и природа; Образование, наука и медицина; Искусство и культура; Этническое многообразие; Спорт и приключения
461 0 _1001RU\NLR\bibl\1175067
_12001#$aИркутская область$eкнига рекордов$v[2023]
_91541831
_cИркутск
_d2006–
_nПриус
_o[ежегодник]
_tИркутская область. Книга рекордов
_v[2023]
942 _cBOOK
980 _aNB